01151nam a2200241Ia 450000100060000000300090000600800410001504000130005604000130006904100130008210000170009510000290011224500580014124500580019925000110025726000140026826000080028226000490029030000570033950004540039665000280085065000310087888960IT-RoPAU130308s9999 xx 000 0 und d aIT-RoPAU cIT-RoPAU aFRANCESE aBrismee Jean gCodice Aut. SPICS: 31902 aLumiere et son dans les techniques cinematographiques bLumiere et Son Dans Les Techniques Cinematographiques a2a ed. aBRUXELLES bMpc c1989 [1° Ed.:1987 - Ed.Ling.Originale:1987] a"324 p. (prefazione: no ; testo: 324 [pagine: 0-0])" aLuce e Suono nelle Tecniche Cinematografiche precursori da Robertson a Louis Lumiere Analisi del Movimento Storia della copia Standard Luce Fotometria e Termocolorimetria Unità Fotometriche Filtri Illuminazione pellicola Cinematografica colore Percezione dei Colori sistemi di rappresentazione dei Colori formati Principi di Sensitometria Tecniche di Laboratorio Suono Acustica registrazione Microfoni e Magnetofoni Sincronizzazione Suono Immagine aTECNICA CINEMATOGRAFICA eCodice materia Spics: 6802